000 00577cam a2200229 4500
008 090401t1976 xxu||||| |||| 00| 0 eng d
020 _a0117240923
035 _a(Sirsi) u73657
041 _aeng
050 _a690
110 _aBuilding Research Establishment
245 _aExternal rendered finishes.
260 _aLondon
_bHMSO
_c1976
300 _a4p.; ill.; 30cm.
350 _a0.07
490 _aBRE Digest
_v196
650 _aEXTERNAL FINISHES
650 _aRENDERING
690 _aBUILT ENVIRONMENT-BUILDING MATERIALS
942 _n0
948 _c04/03/1997
999 _c95667
_d95667